Statistics for Iranian Diaspora

Click here to take the quiz!

General Stats

  • This quiz has been taken 1,210 times
    (804 since last reset)
  • The average score is 16 of 21

Answer Stats

PeopleCountry% Correct
1.5 MillionUnited States
100%
~90,000United Kingdom
98%
400,000Canada
96%
90,000France
96%
317,000Germany
96%
127,000Turkey
93%
111,000Iraq
88%
127,000Australia
87%
127,000Sweden
83%
52,000Netherlands
80%
20,000Norway
79%
357,000United Arab Emirates
78%
20,000Belgium
76%
40,000Austria
73%
33,000Denmark
72%
20,000Qatar
71%
20,000Switzerland
70%
38,000Kuwait
65%
~225,000Israel
62%
160,000Uzbekistan
30%
30,000Malaysia
27%

Score Distribution

Percentile by Number Answered

Percent of People with Each Score

Your Score History

You have not taken this quiz since the last reset